| 000 | 00447nam a2200169Ia 4500 | ||
|---|---|---|---|
| 008 | 240729s9999 xx 000 0 und d | ||
| 022 | _a2213-5766 | ||
| 245 | 0 | _aJournal of Pediatric Surgery Case Reports | |
| 260 | _aNetherlands | ||
| 260 | _bElsevier | ||
| 650 | _a Pediatrics | Medicine | ||
| 650 | _a Surgery | ||
| 650 | _aMedicine | ||
| 856 | _uhttps://doaj.org/toc/bd0a8f598aa4416a84ca6fbde38329f2 | ||
| 942 | _2ddc | ||
| 942 | _cDOAJEJ | ||
| 999 |
_c71733 _d71733 |
||
| 945 |
_a1 _bMadushi Gamage _c1 _dMadushi Gamage |
||